Catálogo - Centro de Recursos para el Aprendizaje y la Investigación

Volver al Sitio - CRAI Biblioteca

Matemática 5 / (Registro nro. 113834)

Detalles MARC
000 -CABECERA
campo de control de longitud fija 01990nam a2200349 4500
001 - NÚMERO DE CONTROL
campo de control 113834
003 - IDENTIFICADOR DEL NÚMERO DE CONTROL
campo de control DR-UNIBE
005 - FECHA Y HORA DE LA ÚLTIMA TRANSACCIÓN
campo de control 20250708145541.0
008 - DATOS DE LONGITUD FIJA--INFORMACIÓN GENERAL
campo de control de longitud fija 250707b2003 dr ||||| |||| 00| 0 spa d
020 ## - NÚMERO INTERNACIONAL ESTÁNDAR DEL LIBRO
Número Internacional Estándar del Libro 8466736425
040 ## - FUENTE DE LA CATALOGACIÓN
Centro catalogador/agencia de origen BIBLIOTECA UNIBE
Lengua de catalogación spa
Centro/agencia transcriptor BIBLIOTECA UNIBE
Normas de descripción rda
041 ## - CÓDIGO DE LENGUA
Código de lengua del texto/banda sonora o título independiente spa
082 ## - NÚMERO DE LA CLASIFICACIÓN DECIMAL DEWEY
Número de edición 22
Número de clasificación RD 372.7 M425
110 10 - ENTRADA PRINCIPAL--NOMBRE DE ENTIDAD CORPORATIVA
Nombre de entidad corporativa o nombre de jurisdicción como elemento de entrada República Dominicana. Ministerio de Educación (MINERD)
9 (RLIN) 4431
Término indicativo de función/relación autor
245 10 - MENCIÓN DE TÍTULO
Título Matemática 5 /
Mención de responsabilidad, etc. Ministerio de Educación (MINERD)
250 ## - MENCIÓN DE EDICIÓN
Mención de edición Primera edición
260 ## - PUBLICACIÓN, DISTRIBUCIÓN, ETC.
Lugar de publicación, distribución, etc. Santo Domingo
Nombre del editor, distribuidor, etc. Ministerio de Educación (MINERD) :
-- Grupo Anaya,
Fecha de publicación, distribución, etc. 2003
300 ## - DESCRIPCIÓN FÍSICA
Extensión 221 páginas :
Otras características físicas ilustraciones a color ;
Dimensiones 27 x 21 cm
490 ## - MENCIÓN DE SERIE
Mención de serie Básica Anaya
505 ## - NOTA DE CONTENIDO CON FORMATO
Nota de contenido con formato Presentación |<br/>1. El sistema de numeración decimal |<br/>2. La adición y sustracción |<br/>3. La multiplicación |<br/>4. Las potencias y la raíz cuadrada |<br/>5. La división |<br/>6. La medida del tiempo |<br/>7. Rectas y ángulos |<br/>8. Las fracciones |<br/>9. Los números decimales |<br/>10. Operaciones con decimales |<br/>11. Porcentajes, razones y proporciones |<br/>12. La medida de longitud |<br/>13. Las figuras planas |<br/>14. Triángulos y cuadriláteros<br/>15. Medida de superficies, área de figuras planas |<br/>16. Los cuerpos geométricos |<br/>17. Medidas de capacidad, de peso y de temperatura |<br/>18. La representación de datos
650 #7 - PUNTO DE ACCESO ADICIONAL DE MATERIA--TÉRMINO DE MATERIA
Fuente del encabezamiento o término lemb
Término de materia o nombre geográfico como elemento de entrada Matemática
Subdivisión de forma Libros de texto
Subdivisión general Enseñanza
-- Educación primaria
Subdivisión geográfica República Dominicna
9 (RLIN) 197143
700 10 - PUNTO DE ACCESO ADICIONAL--NOMBRE DE PERSONA
Nombre de persona Luciano Lopez, Margarita María,
Fechas asociadas al nombre 1950-
9 (RLIN) 18244
Término indicativo de función/relación adaptación curricular
700 #0 - PUNTO DE ACCESO ADICIONAL--NOMBRE DE PERSONA
Nombre de persona Almánzar Rodríguez, Luz
Término indicativo de función/relación revisión técnico-pedagógica
9 (RLIN) 24130
700 10 - PUNTO DE ACCESO ADICIONAL--NOMBRE DE PERSONA
Nombre de persona Ferrero, Luis
9 (RLIN) 197058
Término indicativo de función/relación redactor
700 10 - PUNTO DE ACCESO ADICIONAL--NOMBRE DE PERSONA
Nombre de persona Gaztelu, Ignacio
9 (RLIN) 197059
Término indicativo de función/relación redactor
700 10 - PUNTO DE ACCESO ADICIONAL--NOMBRE DE PERSONA
Nombre de persona Martínez, Leopoldo
9 (RLIN) 197060
Término indicativo de función/relación redactor
700 10 - PUNTO DE ACCESO ADICIONAL--NOMBRE DE PERSONA
Nombre de persona Martín, Pablo
Término indicativo de función/relación traductor
Fechas asociadas al nombre redactor
9 (RLIN) 197065
700 10 - PUNTO DE ACCESO ADICIONAL--NOMBRE DE PERSONA
Nombre de persona Mancheño, Raquel
Término indicativo de función/relación editor
9 (RLIN) 197062
700 10 - PUNTO DE ACCESO ADICIONAL--NOMBRE DE PERSONA
Nombre de persona Vargas, Pilar
Término indicativo de función/relación editor
9 (RLIN) 197063
710 10 - PUNTO DE ACCESO ADICIONAL--NOMBRE DE ENTIDAD CORPORATIVA
Nombre de entidad corporativa o nombre de jurisdicción como elemento de entrada Grupo Anaya
9 (RLIN) 197061
Término indicativo de función/relación ilustrador
942 ## - ELEMENTOS DE PUNTO DE ACCESO ADICIONAL (KOHA)
Fuente del sistema de clasificación o colocación Sistema de Clasificación Decimal Dewey
Tipo de ítem Koha Libro (general)
Existencias
Estado de retiro Estado de pérdida Fuente del sistema de clasificación o colocación No para préstamo Código de colección Localización permanente Fecha de adquisición Total de préstamos Signatura topográfica completa Código de barras Fecha visto por última vez Número de copia Tipo de ítem Koha
  Disponible Sistema de Clasificación Decimal Dewey   General - Libros dominicanos Biblioteca Central UNIBE 07/05/2025   RD 372.7 M425 250695 07/07/2025 Ej. 1 Libro (general)